Greek ostraka from Kellis : O. Kellis, nos. 1-293 /

محفوظ في:

المؤلف الرئيسي: Worp, K. A. (مؤلف)

مؤلفون آخرون: Hope, Colin A.

التنسيق: كتاب

اللغة: English

سلاسل: Dakhleh Oasis Project / Monograph ; 13.

الموضوعات:

الوسوم: إضافة وسم

لا توجد وسوم, كن أول من يضع وسما على هذه التسجيلة!

رقم الطلب: DT73 .D33 M5 v.13

LEADER 01434namaa2200337 4500
001 13663
003 OSt
005 20210818084321.0
008 130303s2004 enkaef g bc 001 0 eng d
952 |0 0  |1 0  |2 lcc  |3 v.13  |4 0  |6 DT0073 D33 M5 V.00013  |7 1  |9 17843  |a ARCE  |b ARCE  |d 2021-08-18  |l 0  |o DT73 .D33 M5 v.13  |p 1001247  |r 2021-08-18 00:00:00  |w 2021-08-18  |y BK 
999 |c 14712  |d 14712 
010 |a 2005275508 
020 |a 1842171283 
040 |c ARCE Library 
043 |a e-gr---  |a f-ua--- 
050 0 4 |a DT73 .D33 M5 v.13 
100 1 |a Worp, K. A.  |q (Klaas Anthony),  |e author  |9 42380 
245 1 0 |a Greek ostraka from Kellis :  |b O. Kellis, nos. 1-293 /  |c edited by K.A. Worp ; with a chapter on The ostraka and the archaeology of Ismant el-Kharab by Colin A. Hope. 
264 1 |a Oxford :  |b Oxbow ;  |a Oakville, CT :  |b David Brown Book Co. [distributor],  |c 2004. 
300 |a 234 pages, [45] pages of plates :  |b illustrations, plans ;  |c 30 cm.+  |e 1 CD-ROM (4 3/4 in.) 
490 1 |a Dakhleh Oasis Project / Monograph ;   |v 13. 
504 |a Includes bibliographical references and index. 
650 0 |a Ostraka  |v Catalogs. 
650 0 |a Tablets (Paleography)  |v Catalogs. 
650 0 |a Greek language  |z Egypt  |z Dakhla Oasis  |x Writing. 
650 0 |a Written communication  |z Greece  |x History. 
651 0 |a Dakhla Oasis (Egypt)  |x Antiquities. 
700 1 |a Hope, Colin A. 
830 0 |a Dakhleh Oasis Project / Monograph ;   |v 13. 
901 |a reviewed 
942 |c BK  |2 lcc